000 00559nam a2200181Ia 4500
999 _c7396
_d7396
003 OSt
005 20200120135253.0
008 190216s9999||||xx |||||||||||||| ||und||
020 _a9788121928854
040 _coclc
082 _a658.5
_bBHA/L
100 _aBhattacharyya, S K
_91212
245 0 _aLogistics Management : Definition, dimension and fuctional applications/
_cS K Bhattacharyya
250 _a2nd ed.
260 _bS Chand & Company,
_aNew Delhi:
_c2008.
300 _a416p
942 _cBK
_2ddc
_h658.5
_iBHA/L
_k658.5
_mBHA/L